000 01266nam a2200301 i 4500
003 EG-GICUC
005 20260203001216.0
008 260203s1869 ua ||||f |||| 00| 0 ara d
040 _a EG-GICUC
_bara
_c EG-GICUC
_d EG-GICUC
_erda
041 _aara
082 0 4 _221
_a345.2502
_bق و
092 0 4 _221
099 _aLaw1 07 345.2502 ق و 1869
245 _aقوانين الدائرة البلدية بمدينة سكندريه مصدقا عليها من حكومة الحضرة الخديويه في 3 يونيه سنة 1869
246 _aقوانين الدائرة البلدية بمدينة اسكندريه مصدقا عليها من حكومة الحضرة الخديويه في 3 يونيه سنة 1869
264 3 _aالاسكندرية :
_bالمطبعة الوطنية ،
_c1869 .
300 _a100 ؛ صفحة
_c24 سم
336 _2rda content
_atext
337 _2rda media
_aComputer
338 _2rda carrier
_aOnline Resource
504 _aيشتمل على ببليوجرافيا
650 1 4 _aالحكم المحلي
_xقوانين وتشريعات
_2qrmak
650 1 4 _aالقانون الإداري
651 1 _2qrmak
856 4 0 _uhttps://fll.law.cu.edu.eg/fulltext/bks/B07-00899.pdf
905 _a61
942 _2ddc
_cBK
_e21
_n0
999 _c60404
_d60404